[Event "Rio de Janeiro State-ch"]
[Site "Rio de Janeiro"]
[Date "2022.05.01"]
[Round "5"]
[White "Bezerra, Natacio Goncalves"]
[Black "De Carvalho, Jose Jorge"]
[Result "0-1"]
[WhiteElo "1978"]
[BlackElo "2159"]
[PlyCount "140"]
[EventDate "2022.04.29"]
[EventType "swiss"]
[EventRounds "6"]
[EventCountry "BRA"]
[SourceTitle "EXT 2023"]
[Source "ChessBase"]
[SourceDate "2022.10.05"]
[SourceVersion "1"]
[SourceVersionDate "2022.10.05"]
[SourceQuality "1"]

1. e4 d5 2. exd5 Qxd5 3. Nc3 Qd6 4. d4 Nf6 5. Bc4 Bg4 6. f3 Bf5 7. Nge2 c6 8. Bf4 Qb4 9. Bb3 e6 10. 0-0 Nbd7 11. Ng3 Bg6 12. Re1 Be7 13. a3 Qb6 14. Kh1 0-0 15. Qd2 Qd8 16. Rad1 Nd5 17. Nxd5 cxd5 18. a4 a5 19. Ne2 Nb6 20. Nc3 Bb4 21. Qf2 Bxc3 22. bxc3 Qd7 23. Ra1 Rfc8 24. Reb1 Rxc3 25. Rb2 Rc6 26. Rab1 Nc8 27. Ba2 b6 28. Qe2 Ne7 29. Rxb6 Rxb6 30. Rxb6 Qxa4 31. c3 h6 32. h3 Qc2 33. Qxc2 Bxc2 34. g4 Rc8 35. Bd2 a4 36. Rb2 Bd1 37. Kg2 Nc6 38. Rb1 Bc2 39. Rb2 Bd3 40. Kf2 Rb8 41. Rxb8+ Nxb8 42. Ke3 Bf1 43. h4 Nc6 44. Kf2 Bd3 45. Ke3 Bc2 46. c4 Bb3 47. cxd5 Bxd5 48. Bxd5 exd5 49. Bc3 f6 50. Kd3 Na7 51. Ba1 Nb5 52. Kc2 g6 53. Kd3 Kf7 54. Bb2 Ke6 55. Bc1 h5 56. Be3 Nd6 57. Kc3 Nc4 58. Bc1 hxg4 59. fxg4 f5 60. h5 fxg4 61. h6 Kf7 62. Bf4 a3 63. Kb3 Kg8 64. Be5 Kh7 65. Bf4 g3 66. Bxg3 Kxh6 67. Be1 Kg5 68. Kb4 Kf5 69. Kc5 Ke4 70. Bc3 g5 0-1

[Event "Rio de Janeiro Duchamp op 3rd"]
[Site "Rio de Janeiro"]
[Date "2019.12.12"]
[Round "7"]
[White "De Carvalho, Jose Jorge"]
[Black "Roselli Mailhe, Bernardo"]
[Result "1/2-1/2"]
[WhiteElo "2149"]
[BlackElo "2442"]
[PlyCount "55"]
[EventDate "2019.12.07"]
[EventType "swiss"]
[EventRounds "9"]
[EventCountry "BRA"]
[SourceTitle "CBM 193 Extra"]
[Source "ChessBase"]
[SourceDate "2020.01.31"]
[SourceVersion "1"]
[SourceVersionDate "2020.01.31"]
[SourceQuality "1"]

1. e4 c5 2. Nf3 e6 3. d4 cxd4 4. Nxd4 Nf6 5. Nc3 Nc6 6. Be3 Bb4 7. Bd3 d5 8. Nxc6 bxc6 9. exd5 cxd5 10. 0-0 0-0 11. Bd4 Be7 12. f4 g6 13. Qe2 Rb8 14. Qe5 Rb4 15. a3 Rxd4 16. Qxd4 Nd7 17. Kh1 Bc5 18. Qa4 Nf6 19. h3 Nh5 20. Ne2 Qh4 21. Ba6 Be3 22. Rf3 Bb6 23. Raf1 Nf6 24. Ng3 Bd7 25. Bb5 Bc8 26. Ba6 Bd7 27. Bb5 Bc8 28. Ba6 1/2-1/2

[Event "Rio de Janeiro Duchamp op 3rd"]
[Site "Rio de Janeiro"]
[Date "2019.12.08"]
[Round "2"]
[White "Di Berardino, Diego Rafael"]
[Black "De Carvalho, Jose Jorge"]
[Result "1-0"]
[WhiteElo "2489"]
[BlackElo "2149"]
[PlyCount "71"]
[EventDate "2019.12.07"]
[EventType "swiss"]
[EventRounds "9"]
[EventCountry "BRA"]
[SourceTitle "CBM 193 Extra"]
[Source "ChessBase"]
[SourceDate "2020.01.31"]
[SourceVersion "1"]
[SourceVersionDate "2020.01.31"]
[SourceQuality "1"]

1. d4 d5 2. c4 e6 3. Nc3 Nf6 4. Nf3 Be7 5. Bf4 0-0 6. e3 b6 7. Bd3 Bb7 8. cxd5 Nxd5 9. Nxd5 exd5 10. 0-0 c5 11. dxc5 bxc5 12. Qc2 h6 13. Rfd1 Nc6 14. a3 Qb6 15. Rac1 Rad8 16. Bh7+ Kh8 17. Bf5 Rfe8 18. Ne5 Nxe5 19. Bxe5 Bf8 20. Bf4 Kg8 21. Bg4 d4 22. exd4 Re4 23. dxc5 Rxd1+ 24. Qxd1 Bxc5 25. Bg3 Qxb2 26. Rb1 Qc3 27. Bf5 Rd4 28. Qe2 g6 29. Bxg6 fxg6 30. Qe8+ Bf8 31. Qxg6+ Bg7 32. Be5 Rg4 33. Qe6+ Kh7 34. Bxc3 Rxg2+ 35. Kf1 Rg6 36. Rxb7 1-0

[Event "BRA-ch Amateur U2200"]
[Site "Sao Paulo"]
[Date "2018.06.01"]
[Round "4"]
[White "De Carvalho, Jose Jorge"]
[Black "Medeiros, Thauane Ferreira"]
[Result "1-0"]
[WhiteElo "2194"]
[BlackElo "2021"]
[PlyCount "63"]
[EventDate "2018.05.31"]
[EventType "swiss"]
[EventRounds "7"]
[EventCountry "BRA"]
[SourceTitle "EXT 2019"]
[Source "ChessBase"]
[SourceDate "2018.10.10"]
[SourceVersion "1"]
[SourceVersionDate "2018.10.10"]
[SourceQuality "1"]

1. d4 d5 2. Nf3 e6 3. g3 Nf6 4. Bg2 Be7 5. c4 dxc4 6. Qa4+ Bd7 7. Qxc4 Bc6 8. 0-0 0-0 9. Nc3 Nbd7 10. Qd3 Rb8 11. a4 Re8 12. Rd1 Bb4 13. Bf4 Nb6 14. a5 Nbd5 15. Bd2 Nxc3 16. Bxc3 Qe7 17. Ne5 Bxg2 18. Kxg2 Red8 19. a6 c5 20. Bxb4 cxb4 21. Qf3 Rd6 22. axb7 Qxb7 23. Rdc1 Nd5 24. Rc5 f6 25. Nc4 Rd7 26. Na5 Qb6 27. Qe4 Qd6 28. Rc6 Qe7 29. Rxe6 Qf7 30. Nc6 Rc8 31. Rxa7 Kf8 32. Rd6 1-0

[Event "Rio de Janeiro Cortinhas Memorial 2nd"]
[Site "Rio de Janeiro"]
[Date "2018.05.27"]
[Round "4"]
[White "De Carvalho, Jose Jorge"]
[Black "Rodrigues, Nei Jorge"]
[Result "1-0"]
[WhiteElo "2194"]
[BlackElo "1924"]
[PlyCount "51"]
[EventDate "2018.05.25"]
[EventType "swiss"]
[EventRounds "5"]
[EventCountry "BRA"]
[SourceTitle "CBM 184 Extra"]
[Source "ChessBase"]
[SourceDate "2018.06.28"]
[SourceVersion "1"]
[SourceVersionDate "2018.06.28"]
[SourceQuality "1"]

1. e4 c5 2. Nc3 Nc6 3. f4 e6 4. Nf3 d5 5. Bb5 d4 6. Ne2 Qb6 7. a4 a6 8. Bc4 Nf6 9. d3 Be7 10. 0-0 Bd7 11. Kh1 Rd8 12. Ng3 Na5 13. Ba2 h5 14. f5 h4 15. fxe6 fxe6 16. Ne2 Nh5 17. Ng5 h3 18. gxh3 Bf6 19. Ng1 c4 20. N1f3 e5 21. Qe1 Rc8 22. Bd2 Nb3 23. cxb3 cxb3 24. Ba5 Qc5 25. Bxb3 Nf4 26. Bf7+ 1-0

[Event "Tijuca Tenis Clube op 3rd"]
[Site "Rio de Janeiro"]
[Date "2017.09.23"]
[Round "4"]
[White "De Carvalho, Jose Jorge"]
[Black "Deus Filho, Joaquim"]
[Result "1/2-1/2"]
[WhiteElo "2199"]
[BlackElo "1966"]
[PlyCount "183"]
[EventDate "2017.09.21"]
[EventType "swiss"]
[EventRounds "6"]
[EventCountry "BRA"]
[SourceTitle "EXT 2019"]
[Source "ChessBase"]
[SourceDate "2018.10.10"]
[SourceVersion "1"]
[SourceVersionDate "2018.10.10"]
[SourceQuality "1"]

1. c4 e6 2. g3 d5 3. Bg2 Nf6 4. Nf3 c5 5. 0-0 Be7 6. cxd5 Nxd5 7. Nc3 0-0 8. d4 Nxc3 9. bxc3 Qa5 10. Qb3 Nc6 11. Bd2 cxd4 12. cxd4 Qh5 13. Bc3 Rd8 14. Rad1 Bf6 15. e4 Na5 16. g4 Qxg4 17. Bxa5 b6 18. Ne5 Bxe5 19. dxe5 Ba6 20. Bb4 Bxf1 21. Rxf1 Qf4 22. Bd6 Rdc8 23. Qg3 Qd2 24. Be7 Kh8 25. a3 a5 26. Qf3 Ra7 27. Bd6 b5 28. Qd1 Qc3 29. Qa1 Qc2 30. Qb1 Qc6 31. Rd1 Rb7 32. Bf1 h6 33. Qb3 Kh7 34. Bd3 Qb6 35. Rb1 Qd4 36. Qd1 Rc3 37. Bf1 Qxe4 38. Bg2 Qg6 39. Kh1 Rd7 40. Rxb5 Qg5 41. Rb1 g6 42. Qe1 Rc4 43. h3 Rd8 44. Qe3 Qf5 45. Re1 Rdc8 46. Kg1 Qc2 47. Qf3 Kg8 48. Qd1 Qf5 49. Qf3 Rf4 50. Qe3 Rc2 51. Rf1 Rfc4 52. Qxh6 Rf4 53. Qf8+ Kh7 54. Bc5 Qxe5 55. Bd6 Qf5 56. Bxf4 Qxf4 57. Qd8 Qa4 58. Rb1 Qxa3 59. Qh4+ Kg7 60. Qd4+ Kh7 61. Qf6 Rc1+ 62. Rxc1 Qxc1+ 63. Bf1 Qc7 64. Bd3 Qc1+ 65. Kg2 Qc6+ 66. Qf3 Qc7 67. Qe4 Qd7 68. Bc2 Qb5 69. h4 Qc5 70. Bd1 Qd6 71. Ba4 Qd8 72. Kg3 Qd6+ 73. Kh3 f5 74. Qb7+ Kh6 75. Qa8 Qd3+ 76. Kg2 Kh5 77. Bc6 Qc3 78. Bf3+ Kh6 79. Qg8 Qe5 80. Qf8+ Kh7 81. Qf7+ Kh6 82. Qe7 a4 83. Qg5+ Kh7 84. h5 Qg7 85. hxg6+ Qxg6 86. Qxg6+ Kxg6 87. Bd1 a3 88. Bb3 e5 89. Kf3 Kg5 90. Kg3 Kh5 91. Ba2 Kg5 92. Kf3 1/2-1/2

[Event "Rio de Janeiro Estadual op"]
[Site "Rio de Janeiro"]
[Date "2014.08.02"]
[Round "2"]
[White "De Carvalho, Jose Jorge"]
[Black "Medeiros Jr, Jorge Luiz Cabral"]
[Result "1-0"]
[WhiteElo "2200"]
[BlackElo "2282"]
[PlyCount "63"]
[EventDate "2014.08.02"]
[EventType "swiss"]
[EventRounds "6"]
[EventCountry "BRA"]
[SourceTitle "CBM 162 Extra"]
[Source "ChessBase"]
[SourceDate "2014.10.17"]
[SourceVersion "1"]
[SourceVersionDate "2014.10.17"]
[SourceQuality "1"]

1. e4 c5 2. Nf3 e6 3. Nc3 Nc6 4. d4 cxd4 5. Nxd4 Qc7 6. g3 a6 7. Bg2 Nf6 8. 0-0 Be7 9. h3 h5 10. Be3 d6 11. f4 Bd7 12. Qe2 Rc8 13. Nb3 b5 14. a3 0-0 15. g4 hxg4 16. hxg4 g6 17. Bf3 Kg7 18. g5 Ne8 19. Kg2 f6 20. gxf6+ Nxf6 21. Rh1 Rh8 22. Qf2 Rcg8 23. Qg3 Kf7 24. Rxh8 Rxh8 25. Rh1 Qb8 26. Rxh8 Qxh8 27. Ne2 Nh5 28. Qh2 Bf6 29. c3 e5 30. f5 Qg7 31. Kf2 Qh7 32. Ng3 1-0

[Event "Rio de Janeiro Borensztajn op 2nd"]
[Site "Rio de Janeiro"]
[Date "2013.06.23"]
[Round "2"]
[White "Reis, Virginia Lagrange M"]
[Black "De Carvalho, Jose Jorge"]
[Result "0-1"]
[WhiteElo "1862"]
[BlackElo "2180"]
[PlyCount "76"]
[EventDate "2013.06.22"]
[EventType "swiss"]
[EventRounds "7"]
[EventCountry "BRA"]
[SourceTitle "EXT 2014"]
[Source "ChessBase"]
[SourceDate "2013.11.20"]
[SourceVersion "1"]
[SourceVersionDate "2013.11.20"]
[SourceQuality "1"]

1. e4 c5 2. Nf3 e6 3. c4 Nc6 4. Be2 Nf6 5. Nc3 d5 6. exd5 exd5 7. d4 cxd4 8. Nxd4 Bb4 9. Nxc6 bxc6 10. cxd5 Nxd5 11. 0-0 0-0 12. Nxd5 cxd5 13. Qd4 Be7 14. Bf4 Bf6 15. Qd2 Be6 16. Rac1 Qb6 17. b3 Rac8 18. Bf3 a5 19. Rfd1 Rfd8 20. Bg5 Bxg5 21. Qxg5 h6 22. Qe5 Rxc1 23. Rxc1 d4 24. Be4 a4 25. bxa4 Qb2 26. Qc7 Rf8 27. Qc2 Qa3 28. h3 f5 29. Bc6 Rc8 30. Re1 d3 31. Qc1 Qxc1 32. Rxc1 d2 33. Rd1 Rxc6 34. Rxd2 Ra6 35. Re2 Kf7 36. a3 Rxa4 37. Re3 Kf6 38. f4 Rxf4 0-1